[Event "P-5235"]
[Site "IECC email"]
[Date "2022.11.10"]
[Round "?"]
[White "Paccione, Patrizio"]
[Black "Vio, Mauro"]
[Result "1/2-1/2"]
[WhiteElo "1241"]
[BlackElo "1686"]
[PlyCount "95"]
[EventDate "2022.??.??"]
[EventType "tourn (corr)"]
[SourceTitle "Corr 2024"]
[Source "ChessBase"]
[SourceDate "2023.10.19"]
[SourceVersion "1"]
[SourceVersionDate "2023.10.19"]
[SourceQuality "1"]
[WhiteTeam "Italien"]
[BlackTeam "Italien"]
[WhiteTeamCountry "ITA"]
[BlackTeamCountry "ITA"]

1. f4 Nf6 2. Nf3 e6 3. g3 Be7 4. Bg2 0-0 5. 0-0 d5 6. d3 Nc6 7. c3 Bd6 8. Re1 Qe7 9. d4 Ne4 10. Be3 b6 11. Nbd2 f5 12. Qa4 Bd7 13. Qc2 Qe8 14. b4 Ne7 15. a4 a5 16. b5 c6 17. bxc6 Nxc6 18. Ne5 Nxd2 19. Qxd2 Rb8 20. Nxd7 Qxd7 21. Rec1 Rfc8 22. Qa2 b5 23. axb5 Rxb5 24. Rcb1 Na7 25. Rxb5 Nxb5 26. Bd2 Nxc3 27. Bxc3 Rxc3 28. Qxa5 Rc2 29. Qa8+ Bf8 30. Ra7 Qb5 31. Bf1 Qb4 32. Qb7 Qxd4+ 33. Kg2 Qf6 34. h4 Rb2 35. Qc6 Rb3 36. h5 Rc3 37. Qe8 d4 38. Ra8 Qf7 39. Qa4 e5 40. Qe8 Qxe8 41. Rxe8 e4 42. Rd8 Rc4 43. Rd5 g6 44. hxg6 hxg6 45. g4 fxg4 46. Kg3 e3 47. Kxg4 Bh6 48. Rd8+ 1/2-1/2

[Event "TH-S-1395"]
[Site "IECC email"]
[Date "2021.11.05"]
[Round "?"]
[White "Hughes, Peter James"]
[Black "Paccione, Patrizio"]
[Result "0-1"]
[WhiteElo "1167"]
[BlackElo "1106"]
[PlyCount "44"]
[EventDate "2021.??.??"]
[EventType "tourn (corr)"]
[SourceTitle "Corr 2024"]
[Source "ChessBase"]
[SourceDate "2023.10.19"]
[SourceVersion "1"]
[SourceVersionDate "2023.10.19"]
[SourceQuality "1"]
[WhiteTeam "Australien"]
[BlackTeam "Italien"]
[WhiteTeamCountry "AUS"]
[BlackTeamCountry "ITA"]

1. d4 Nf6 2. c4 e6 3. g3 d5 4. Bg2 Be7 5. Nd2 0-0 6. Ngf3 c5 7. 0-0 cxd4 8. Qc2 Nc6 9. b3 Nb4 10. Qb2 d3 11. e3 Nc2 12. Rb1 Qa5 13. Nd4 Ba3 14. b4 Bxb4 15. a3 Bxd2 16. Nb3 Bxc1 17. Nxa5 Bxb2 18. Rxb2 Nxa3 19. cxd5 exd5 20. Rb3 b6 21. Rxa3 bxa5 22. Rxd3 Ba6 0-1

[Event "TH-S-1346"]
[Site "IECC email"]
[Date "2021.06.02"]
[Round "?"]
[White "Nilsson, Bjoern"]
[Black "Paccione, Patrizio"]
[Result "0-1"]
[WhiteElo "892"]
[BlackElo "1043"]
[PlyCount "64"]
[EventDate "2021.??.??"]
[EventType "tourn (corr)"]
[SourceTitle "Corr 2024"]
[Source "ChessBase"]
[SourceDate "2023.10.19"]
[SourceVersion "1"]
[SourceVersionDate "2023.10.19"]
[SourceQuality "1"]
[WhiteTeam "Schweden"]
[BlackTeam "Italien"]
[WhiteTeamCountry "SWE"]
[BlackTeamCountry "ITA"]

1. e4 c6 2. d4 d5 3. exd5 cxd5 4. c4 Nf6 5. Nc3 Nc6 6. Bg5 e6 7. Nf3 dxc4 8. Bxc4 Bb4 9. 0-0 0-0 10. Ne2 h6 11. Bxf6 Qxf6 12. d5 Na5 13. Bb3 Rd8 14. a3 Nxb3 15. Qxb3 Bd6 16. h4 exd5 17. Ned4 g5 18. Ne2 gxh4 19. Nh2 Bxh2+ 20. Kxh2 Qe5+ 21. Ng3 hxg3+ 22. fxg3 Qh5+ 23. Kg1 Re8 24. Rae1 Rd8 25. Qa4 Be6 26. Qf4 Qg6 27. b4 a5 28. Re2 axb4 29. Qxb4 Qd3 30. Kf2 Rxa3 31. Qxb7 Qd4+ 32. Re3 Qxe3# 0-1

[Event "ZN-2020-0-04147"]
[Site "LSS email"]
[Date "2020.04.15"]
[Round "?"]
[White "Paccione, Patrizio"]
[Black "Newton, Daryl"]
[Result "1-0"]
[WhiteElo "981"]
[BlackElo "270"]
[PlyCount "39"]
[EventDate "2020.04.11"]
[EventType "match (corr)"]
[EventRounds "2"]
[EventCountry "GER"]
[SourceTitle "Corr 2022"]
[Source "ChessBase"]
[SourceDate "2021.10.24"]
[SourceVersion "1"]
[SourceVersionDate "2021.10.24"]
[SourceQuality "1"]

1. g3 e5 2. Bg2 Nf6 3. e4 Bc5 4. Ne2 Ng4 5. 0-0 Qf6 6. d4 exd4 7. h3 Ne3 8. fxe3 Qg6 9. exd4 Bd6 10. e5 Be7 11. Nf4 Qxg3 12. Nh5 Qg6 13. Qf3 d6 14. Nf4 Qxc2 15. exd6 Bxd6 16. Na3 Qa4 17. Ng6 hxg6 18. Qxf7+ Kd8 19. Bg5+ Be7 20. Qxe7# 1-0

[Event "ZN-2020-0-04145"]
[Site "LSS email"]
[Date "2020.04.10"]
[Round "?"]
[White "Paccione, Patrizio"]
[Black "Venturas, Bob"]
[Result "1-0"]
[WhiteElo "981"]
[BlackElo "548"]
[PlyCount "57"]
[EventDate "2020.04.06"]
[EventType "match (corr)"]
[EventRounds "2"]
[EventCountry "GER"]
[SourceTitle "Corr 2022"]
[Source "ChessBase"]
[SourceDate "2021.10.24"]
[SourceVersion "1"]
[SourceVersionDate "2021.10.24"]
[SourceQuality "1"]

1. Nf3 Nc6 2. c4 Nf6 3. Nc3 d5 4. e3 d4 5. Nxd4 Nxd4 6. exd4 Qxd4 7. d3 Bd7 8. Be3 Qg4 9. f3 Qe6 10. Qd2 a6 11. Be2 Qc6 12. 0-0 e5 13. f4 Bc5 14. fxe5 Ng8 15. d4 Be7 16. d5 Qg6 17. Rfd1 Bf5 18. d6 cxd6 19. exd6 0-0-0 20. dxe7 Nxe7 21. Qe1 Bh3 22. Rxd8+ Rxd8 23. g3 Qc6 24. Qf2 Nf5 25. Bb6 Rd2 26. Rd1 Rxd1+ 27. Bxd1 g6 28. Ba4 Qe6 29. Qc5+ 1-0

[Event "ZN-2016-0-03297"]
[Site "LSS email"]
[Date "2016.03.10"]
[Round "?"]
[White "Newton, Daryl"]
[Black "Paccione, Patrizio"]
[Result "0-1"]
[WhiteElo "391"]
[BlackElo "701"]
[PlyCount "98"]
[EventDate "2016.03.05"]
[EventType "match (corr)"]
[EventRounds "2"]
[EventCountry "GER"]
[SourceTitle "Corr 2022"]
[Source "ChessBase"]
[SourceDate "2021.10.24"]
[SourceVersion "1"]
[SourceVersionDate "2021.10.24"]
[SourceQuality "1"]

1. e4 d5 2. Nc3 dxe4 3. Nxe4 Bf5 4. Ng5 f6 5. N5f3 e6 6. Bb5+ Nc6 7. c3 a6 8. Bxc6+ bxc6 9. Nd4 Qd5 10. Nxf5 Qxf5 11. Nf3 Bd6 12. d4 c5 13. Qe2 Ne7 14. Nh4 Qd5 15. Qf3 0-0 16. 0-0 Ng6 17. Qg4 Nxh4 18. Qxh4 cxd4 19. Qg4 dxc3 20. bxc3 Rab8 21. Bh6 Rf7 22. a4 Qe5 23. g3 Qxc3 24. Rae1 Rb4 25. Re4 f5 26. Rc4 fxg4 27. Rxc3 gxh6 28. a5 Rf3 29. Re3 Rxe3 30. fxe3 Rb5 31. Rf6 Rxa5 32. Rxe6 Ra1+ 33. Kf2 Kg7 34. Re4 Ra2+ 35. Kf1 Rxh2 36. Rxg4+ Kh8 37. Ra4 Bxg3 38. Rxa6 Rf2+ 39. Kg1 Rf3 40. e4 Rf7 41. Rxh6 Re7 42. Rc6 Rxe4 43. Kg2 Re3 44. Kh3 Bd6+ 45. Kg4 Kg7 46. Rc4 Kg6 47. Kh4 Be7+ 48. Kg4 h5+ 49. Kf4 Bg5# 0-1

[Event "ZN-2015-0-03027"]
[Site "LSS email"]
[Date "2015.03.19"]
[Round "?"]
[White "Paccione, Patrizio"]
[Black "Ualpaev, Sergej"]
[Result "0-1"]
[WhiteElo "746"]
[BlackElo "786"]
[PlyCount "30"]
[EventDate "2015.03.16"]
[EventType "match (corr)"]
[EventRounds "2"]
[EventCountry "GER"]
[SourceTitle "Corr 2022"]
[Source "ChessBase"]
[SourceDate "2021.10.24"]
[SourceVersion "1"]
[SourceVersionDate "2021.10.24"]
[SourceQuality "1"]

1. c4 e6 2. Nc3 Nf6 3. d3 Bc5 4. e3 0-0 5. Be2 d5 6. cxd5 exd5 7. Qb3 d4 8. Na4 b6 9. Nxc5 bxc5 10. exd4 Be6 11. Qa4 cxd4 12. Bf3 Bd5 13. Qxd4 Re8+ 14. Be3 Nc6 15. 0-0-0 Nxd4 0-1

[Event "ZN-2015-0-03027"]
[Site "LSS email"]
[Date "2015.03.19"]
[Round "?"]
[White "Ualpaev, Sergej"]
[Black "Paccione, Patrizio"]
[Result "1-0"]
[WhiteElo "786"]
[BlackElo "746"]
[PlyCount "21"]
[EventDate "2015.03.16"]
[EventType "match (corr)"]
[EventRounds "2"]
[EventCountry "GER"]
[SourceTitle "Corr 2022"]
[Source "ChessBase"]
[SourceDate "2021.10.24"]
[SourceVersion "1"]
[SourceVersionDate "2021.10.24"]
[SourceQuality "1"]

1. e4 Nf6 2. e5 Ng8 3. d4 d5 4. exd6 exd6 5. Bc4 Nf6 6. Nf3 Qe7+ 7. Be3 Be6 8. d5 Bg4 9. 0-0 g6 10. Re1 Bg7 11. Bg5 1-0

[Event "ZN-2014-0-02920"]
[Site "LSS email"]
[Date "2014.12.19"]
[Round "?"]
[White "Lyzhvar, Vasyl"]
[Black "Paccione, Patrizio"]
[Result "0-1"]
[WhiteElo "994"]
[BlackElo "728"]
[PlyCount "80"]
[EventDate "2014.12.14"]
[EventType "match (corr)"]
[EventRounds "2"]
[EventCountry "GER"]
[SourceTitle "Corr 2015"]
[Source "ChessBase"]
[SourceDate "2015.07.17"]
[SourceVersion "1"]
[SourceVersionDate "2015.07.17"]
[SourceQuality "1"]

1. d4 c5 2. d5 d6 3. e4 e6 4. Bb5+ Bd7 5. Bxd7+ Qxd7 6. dxe6 fxe6 7. Nf3 Be7 8. 0-0 Nc6 9. c3 0-0-0 10. a3 Nf6 11. Re1 d5 12. e5 Ng4 13. b4 c4 14. b5 Na5 15. Nd4 Nh6 16. a4 Nf5 17. g3 Rhf8 18. Nxf5 Rxf5 19. f4 Rdf8 20. Qd4 Nb3 21. Qf2 Nxa1 22. Qxa7 Nc2 23. Qa8+ Kc7 24. Qa5+ Kb8 25. Re2 d4 26. Rxc2 d3 27. Rg2 Bc5+ 28. Kh1 Qd5 29. Nd2 g5 30. b6 gxf4 31. g4 f3 32. Rf2 Rxe5 33. Qa7+ Kc8 34. Nf1 Bxf2 35. Qa8+ Kd7 36. Qxf8 Bh4 37. Qf7+ Be7 38. Kg1 f2+ 39. Kxf2 Re2+ 40. Kg3 Qg2+ 0-1

[Event "ZN-2014-0-02920"]
[Site "LSS email"]
[Date "2014.12.19"]
[Round "?"]
[White "Paccione, Patrizio"]
[Black "Lyzhvar, Vasyl"]
[Result "1/2-1/2"]
[WhiteElo "728"]
[BlackElo "994"]
[PlyCount "91"]
[EventDate "2014.12.14"]
[EventType "match (corr)"]
[EventRounds "2"]
[EventCountry "GER"]
[SourceTitle "Corr 2015"]
[Source "ChessBase"]
[SourceDate "2015.07.17"]
[SourceVersion "1"]
[SourceVersionDate "2015.07.17"]
[SourceQuality "1"]

1. Nf3 c5 2. c4 b6 3. d4 cxd4 4. Qxd4 Nc6 5. Qd1 Bb7 6. e3 e5 7. Be2 Nf6 8. 0-0 Be7 9. Nc3 0-0 10. Nd5 d6 11. Nxe7+ Qxe7 12. Nh4 g6 13. Nf3 e4 14. Nd4 Ne5 15. f4 Ned7 16. f5 Ne5 17. fxg6 fxg6 18. Nb5 Rfd8 19. b3 Bc6 20. Bb2 Bxb5 21. cxb5 Rac8 22. Bc4+ Kh8 23. Rc1 Rf8 24. Qc2 d5 25. Qc3 Ned7 26. Rcd1 dxc4 27. Rxd7 Qxd7 28. Rxf6 Rxf6 29. Qxf6+ Kg8 30. Qh8+ Kf7 31. Qxh7+ Ke8 32. Qxg6+ Kd8 33. Bf6+ Kc7 34. Be5+ Kd8 35. Qxe4 Qd1+ 36. Kf2 Qd2+ 37. Kg3 Qe1+ 38. Kh3 Qf2 39. Qd5+ Ke8 40. Qe6+ Kf8 41. Qxc8+ Ke7 42. Qc7+ Ke6 43. Qd6+ Kf7 44. Qd7+ Kf8 45. Bg7+ Kg8 46. Qxa7 1/2-1/2

[Event "ZN-2014-0-02829"]
[Site "LSS email"]
[Date "2014.10.13"]
[Round "?"]
[White "Simmons, Ernest"]
[Black "Paccione, Patrizio"]
[Result "1/2-1/2"]
[WhiteElo "760"]
[BlackElo "728"]
[PlyCount "125"]
[EventDate "2014.10.07"]
[EventType "match (corr)"]
[EventRounds "2"]
[EventCountry "GER"]
[SourceTitle "Corr 2015"]
[Source "ChessBase"]
[SourceDate "2015.07.17"]
[SourceVersion "1"]
[SourceVersionDate "2015.07.17"]
[SourceQuality "1"]

1. d4 c5 2. Nf3 cxd4 3. Nxd4 Nc6 4. Nxc6 bxc6 5. e3 Bb7 6. Be2 e6 7. 0-0 Be7 8. Nc3 Qc7 9. Bf3 Bd6 10. g3 Ne7 11. Ne4 Be5 12. c3 0-0 13. Nc5 Rad8 14. Qb3 Rb8 15. Nxb7 Qxb7 16. Qc2 d5 17. b3 Nf5 18. Bb2 Rfd8 19. Rfe1 Ne7 20. Ba3 f5 21. Rab1 Bd6 22. Bc1 Nc8 23. Bb2 Nb6 24. Red1 Nd7 25. c4 Ne5 26. Be2 g6 27. f4 Nf7 28. Qc3 e5 29. c5 Bc7 30. Bf3 Qa6 31. a4 Qb7 32. Bc1 g5 33. Be2 gxf4 34. exf4 exf4 35. Bb2 Be5 36. Qd3 fxg3 37. Bxe5 Nxe5 38. Qxg3+ Ng6 39. Bh5 Qg7 40. Qg5 Rf8 41. Kf1 Rf6 42. Qd2 Rbf8 43. Kf2 Ne5 44. Rg1 Ng4+ 45. Ke1 Rh6 46. Bxg4 fxg4 47. b4 Qe5+ 48. Qe2 Qxe2+ 49. Kxe2 Rxh2+ 50. Kd1 Rh4 51. Rb2 h5 52. Re2 a5 53. Rb2 axb4 54. Rxb4 Rf2 55. Ke1 Rc2 56. a5 Rc1+ 57. Kf2 Rxc5 58. a6 Ra5 59. Rb6 Rh2+ 60. Kg3 Rc2 61. Rh1 Rc3+ 62. Kh4 Rh3+ 63. Rxh3 1/2-1/2

[Event "ZN-2014-0-02779"]
[Site "LSS email"]
[Date "2014.08.17"]
[Round "?"]
[White "Bokros, Csaba"]
[Black "Paccione, Patrizio"]
[Result "0-1"]
[WhiteElo "740"]
[BlackElo "728"]
[PlyCount "62"]
[EventDate "2014.08.08"]
[EventType "match (corr)"]
[EventRounds "2"]
[EventCountry "GER"]
[SourceTitle "Corr 2015"]
[Source "ChessBase"]
[SourceDate "2015.07.17"]
[SourceVersion "1"]
[SourceVersionDate "2015.07.17"]
[SourceQuality "1"]

1. e4 f5 2. d3 fxe4 3. dxe4 Nc6 4. Nc3 a6 5. Nf3 g6 6. g3 Bg7 7. Bg2 Nf6 8. 0-0 0-0 9. e5 Ne8 10. Ng5 d6 11. e6 Nf6 12. Nf7 Qe8 13. Nd5 Bxe6 14. Ng5 Bxd5 15. Bxd5+ Nxd5 16. Qxd5+ Kh8 17. Ne6 Rf5 18. Nxg7 Kxg7 19. Qd2 Qf8 20. Qh6+ Kh8 21. Qxf8+ Raxf8 22. Be3 Rf3 23. Rae1 Nd8 24. Bh6 R8f7 25. Bf4 e5 26. Bg5 Ne6 27. c3 Nxg5 28. Kg2 Rd3 29. h4 Nf3 30. Re3 Rxe3 31. fxe3 e4 0-1

[Event "ZN-2013-0-02526"]
[Site "LSS email"]
[Date "2013.12.23"]
[Round "?"]
[White "Paccione, Patrizio"]
[Black "Ramian, Zdenek"]
[Result "0-1"]
[WhiteElo "611"]
[BlackElo "1775"]
[PlyCount "40"]
[EventDate "2013.12.18"]
[EventType "match (corr)"]
[EventRounds "2"]
[EventCountry "GER"]
[SourceTitle "Corr 2022"]
[Source "ChessBase"]
[SourceDate "2021.10.24"]
[SourceVersion "1"]
[SourceVersionDate "2021.10.24"]
[SourceQuality "1"]

1. c4 e5 2. Nc3 Nf6 3. e4 Be7 4. Nf3 0-0 5. d3 Nc6 6. Be2 d6 7. 0-0 Nd4 8. Nxd4 exd4 9. Nd5 Nd7 10. Nxe7+ Qxe7 11. Qd2 Nc5 12. Qg5 Qxg5 13. Bxg5 a5 14. Be7 Re8 15. Bg5 a4 16. Rfc1 Be6 17. Bd2 f5 18. f3 Reb8 19. Bb4 b6 20. Bxc5 bxc5 0-1

[Event "ZN-2013-0-02526"]
[Site "LSS email"]
[Date "2013.12.23"]
[Round "?"]
[White "Ramian, Zdenek"]
[Black "Paccione, Patrizio"]
[Result "1-0"]
[WhiteElo "1775"]
[BlackElo "611"]
[PlyCount "41"]
[EventDate "2013.12.18"]
[EventType "match (corr)"]
[EventRounds "2"]
[EventCountry "GER"]
[SourceTitle "Corr 2022"]
[Source "ChessBase"]
[SourceDate "2021.10.24"]
[SourceVersion "1"]
[SourceVersionDate "2021.10.24"]
[SourceQuality "1"]

1. d4 Nf6 2. c4 e6 3. Nc3 Bb4 4. Bg5 0-0 5. Nf3 d6 6. e3 Bxc3+ 7. bxc3 Bd7 8. Rb1 b6 9. g3 Bc6 10. Bg2 Nbd7 11. 0-0 Be4 12. Rb3 Qc8 13. Nd2 Bb7 14. e4 h6 15. Be3 c5 16. h3 Re8 17. Rb1 cxd4 18. cxd4 Qc6 19. f3 Nh5 20. f4 Nhf6 21. g4 1-0

[Event "IECC O-3593"]
[Site "IECC email"]
[Date "2013.02.24"]
[Round "?"]
[White "Calaway, Mark"]
[Black "Paccione, Patrizio"]
[Result "1-0"]
[WhiteElo "1847"]
[BlackElo "1687"]
[PlyCount "35"]
[EventDate "2013.??.??"]
[EventType "swiss (corr)"]
[EventRounds "2"]
[SourceTitle "Corr 2020"]
[Source "ChessBase"]
[SourceDate "2019.09.30"]
[SourceVersion "1"]
[SourceVersionDate "2019.09.30"]
[SourceQuality "1"]
[WhiteTeam "England"]
[BlackTeam "Italy"]
[WhiteTeamCountry "ENG"]
[BlackTeamCountry "ITA"]

1. e4 c5 2. Nf3 g6 3. d4 Bg7 4. Nc3 Nc6 5. dxc5 Qa5 6. Bd2 Qxc5 7. Nd5 Nd4 8. Nxd4 Bxd4 9. Bb4 Bxf2+ 10. Ke2 Qd4 11. Bc3 Qxd1+ 12. Rxd1 Bb6 13. Bxh8 f6 14. e5 d6 15. Nxb6 axb6 16. exd6 Bg4+ 17. Kf2 Bxd1 18. Bb5+ 1-0

[Event "ZN-2010-0-01088"]
[Site "LSS email"]
[Date "2010.07.06"]
[Round "?"]
[White "Paccione, Patrizio"]
[Black "Holmquist, Marson C"]
[Result "0-1"]
[WhiteElo "539"]
[BlackElo "596"]
[PlyCount "56"]
[EventDate "2010.06.28"]
[EventType "match (corr)"]
[EventRounds "2"]
[EventCountry "GER"]
[SourceTitle "Telechess CBM 143"]
[Source "ChessBase"]
[SourceDate "2011.07.15"]
[SourceVersion "1"]
[SourceVersionDate "2011.07.15"]
[SourceQuality "1"]

1. c4 e5 2. Nc3 Nf6 3. Nf3 Nc6 4. g3 Bc5 5. Bg2 Ng4 6. 0-0 0-0 7. Bh3 Nf6 8. Nxe5 Nxe5 9. d4 d5 10. Bxc8 Rxc8 11. dxc5 Nxc4 12. Bg5 Re8 13. Bxf6 Qxf6 14. Qxd5 Nxb2 15. Qb3 b6 16. Qxb2 bxc5 17. Na4 Qc6 18. Rac1 Qxa4 19. Rxc5 Rb8 20. Re5 Rxb2 21. Rxe8+ Qxe8 22. Kg2 Rxe2 23. Kg1 Rxa2 24. Kg2 Qe4+ 25. Kg1 c5 26. Re1 Qxe1+ 27. Kg2 Qxf2+ 28. Kh1 Qxh2# 0-1

[Event "LSS ZN-2010-0-01000"]
[Site "LSS email"]
[Date "2010.04.18"]
[Round "?"]
[White "Paccione, Patrizio"]
[Black "Neil, Charles"]
[Result "1-0"]
[WhiteElo "555"]
[BlackElo "497"]
[PlyCount "37"]
[EventDate "2010.04.15"]
[EventType "match (corr)"]
[EventRounds "2"]
[EventCountry "GER"]
[SourceTitle "Telechess CBM 141"]
[Source "ChessBase"]
[SourceDate "2011.03.17"]
[SourceVersion "1"]
[SourceVersionDate "2011.03.17"]
[SourceQuality "1"]

1. d4 e6 2. c4 d5 3. cxd5 exd5 4. Nc3 Bb4 5. e3 Nf6 6. Be2 Ne4 7. Qa4+ Nc6 8. Bd2 Qf6 9. Nxe4 dxe4 10. Bxb4 Bd7 11. f3 0-0-0 12. fxe4 Qh4+ 13. Kf1 Qxe4 14. Bf3 Qd3+ 15. Kf2 Nxb4 16. Qxb4 Qc2+ 17. Ne2 Bc6 18. Bxc6 Qf5+ 19. Bf3 1-0